000 00200 a2200097 4500
001 42234
100 _aCrisp T
245 _aTransport
260 _a
_bThomas Nelson & Sons
_c
090 _c26210
_d26210
942 _aNUST-CAE
_cM
_c18015
999 _c277307
_d277307